000
00332nam a22001457a 4500
008
240126b ||||| |||| 00| 0 eng d
020
_a
9780521387651
041
_a
eng
080
_2
1990
_a
521
082
_a
521HAR
100
_a
19
101
_a
ASTRO
245
_a
A GEOLOGIC TIME SCALE 1989
_c
W.BRIAN HARLAND
942
_2
udc
_c
BK
999
_c
60558
_d
60558